Aliments commençant par L - Statistiques

Statistiques générales
  • Ce quiz a été pris 3 286 fois
  • Le résultat moyen est 10 sur 16
Statistiques - réponses
Par images Réponse % Correct
Lait
100%
Lasagne
99%
Lardon
97%
Litchi
96%
{Langue} de chat
93%
Laitue
90%
Lentille
84%
Latté
73%
Langouste
62%
Chocolat {Liégeois}
51%
Limoncello
34%
Loukoum
34%
Lapin
31%
Laurier
27%
Levure
21%
Lotte
20%
Aucun quiz correspondant
Distribution des résultats
% des personnes avec chaque résultat
Percentile par nombre de réponses
Votre historique - résultats
Vous n’avez pas pris ce quiz